000 00511nam a22001577a 4500
008 150901b xxu||||| |||| 00| 0 eng d
020 _a9780199782000
050 _aP 90 .A35 2012
100 _aAdler, B.Ronald
_d2012
245 _aStudent success manual to accompany Understanding Human communication/
_cRonald B Adler
250 _a11th ed
260 _aNew York.:
_bOxford.
_c2012
300 _a165p.:
_bincludes references
700 _aGeorge Rodman
942 _2lcc
_cBOOKS
_hP 90 .A35 2012
999 _c4211
_d4211